[Event "AI Cup Play In"]
[Site "Chess.com INT"]
[Date "2023.09.18"]
[Round "2"]
[White "Hammer, Jon Ludvig"]
[Black "Sidorika, Vladislav"]
[Result "1-0"]
[WhiteElo "2612"]
[BlackElo "2294"]
[PlyCount "79"]
[EventDate "2023.09.18"]
[EventType "swiss (rapid)"]
[EventRounds "9"]
[EventCountry "USA"]
[SourceTitle "EXT 2024"]
[Source "ChessBase"]
[SourceDate "2023.10.10"]
[SourceVersion "1"]
[SourceVersionDate "2023.10.10"]
[SourceQuality "1"]

1. e4 c6 2. d4 d5 3. e5 Bf5 4. Nd2 e6 5. Nb3 Nd7 6. Nf3 a6 7. Be2 Rc8 8. c3 c5 9. h4 Bg4 10. h5 Bxf3 11. Bxf3 cxd4 12. cxd4 Bb4+ 13. Kf1 Be7 14. h6 Nxh6 15. Bxh6 gxh6 16. g3 Nb6 17. Bh5 Rg8 18. Qd3 Rg7 19. Be2 Rg6 20. Qf3 Nc4 21. Bd3 Bf8 22. Bxg6 hxg6 23. Qe2 Qb6 24. Kg2 a5 25. Nc5 Bxc5 26. dxc5 Qxb2 27. Qxb2 Nxb2 28. Rab1 Nc4 29. Rxh6 Rc7 30. f4 Kd7 31. a4 Kc6 32. Rb5 d4 33. Kf2 d3 34. Rh1 Rd7 35. Rd1 d2 36. Ke2 Rd4 37. Kf3 Rd5 38. Ke4 Rxc5 39. Kd4 Rd5+ 40. Kxc4 1-0

[Event "Julius Baer Play In"]
[Site "Chess.com INT"]
[Date "2023.07.24"]
[Round "4.70"]
[White "Gorovets, Andrey"]
[Black "Hammer, Jon Ludvig"]
[Result "1/2-1/2"]
[WhiteElo "2463"]
[BlackElo "2630"]
[PlyCount "93"]
[EventDate "2023.07.24"]
[EventType "swiss (rapid)"]
[EventRounds "9"]
[EventCountry "GER"]
[SourceTitle "CBM 215 Extra"]
[Source "ChessBase"]
[SourceDate "2023.09.30"]
[SourceVersion "1"]
[SourceVersionDate "2023.09.30"]
[SourceQuality "1"]

1. Nf3 d5 2. d4 Nf6 3. c4 e6 4. g3 Bb4+ 5. Bd2 Be7 6. Bg2 0-0 7. Qb3 Nbd7 8. 0-0 Nb6 9. c5 Nc4 10. Qc2 b6 11. c6 a5 12. Bf4 Ba6 13. a4 Nh5 14. Bc1 g5 15. b3 Nd6 16. Nc3 f6 17. Re1 g4 18. Nd2 f5 19. Ba3 Qe8 20. Rac1 Nf6 21. e3 h5 22. Ne2 Bxe2 23. Rxe2 h4 24. Nb1 Qh5 25. Nc3 Rf7 26. Bxd6 Bxd6 27. Nb5 Bb4 28. Qd3 Rh7 29. Bh1 Rf8 30. Rcc2 Rff7 31. Na7 Rh8 32. Qa6 Kg7 33. Nb5 Nh7 34. Qb7 Ng5 35. Nxc7 Bd6 36. Nxe6+ Nxe6 37. c7 Nxc7 38. Bxd5 Nxd5 39. Qxd5 hxg3 40. fxg3 Be7 41. Rf2 Bg5 42. Qe5+ Kh7 43. Rc7 Rxc7 44. Qxc7+ Kg6 45. Qxb6+ Bf6 46. Qxa5 Rc8 47. Qd2 1/2-1/2

[Event "Julius Baer Play In"]
[Site "Chess.com INT"]
[Date "2023.07.24"]
[Round "3.34"]
[White "Hammer, Jon Ludvig"]
[Black "Sarana, Alexey"]
[Result "0-1"]
[WhiteElo "2630"]
[BlackElo "2685"]
[PlyCount "96"]
[EventDate "2023.07.24"]
[EventType "swiss (rapid)"]
[EventRounds "9"]
[EventCountry "GER"]
[SourceTitle "CBM 215 Extra"]
[Source "ChessBase"]
[SourceDate "2023.09.30"]
[SourceVersion "1"]
[SourceVersionDate "2023.09.30"]
[SourceQuality "1"]

1. e4 c5 2. Nf3 d6 3. d4 cxd4 4. Nxd4 Nf6 5. Nc3 a6 6. Be3 e5 7. Nb3 Be6 8. f3 Nbd7 9. Qd2 Be7 10. 0-0-0 b5 11. g4 Nb6 12. Qf2 Nfd7 13. Na5 Rc8 14. Bxb5 axb5 15. Nxb5 Rc7 16. Nxd6+ Bxd6 17. Rxd6 Nc4 18. Nxc4 Rxc4 19. Qd2 0-0 20. Rd1 Qc8 21. Rxd7 Bxd7 22. Qxd7 Rxc2+ 23. Kb1 Qxd7 24. Rxd7 Rxh2 25. a4 Ra8 26. a5 h5 27. Bb6 h4 28. Rd1 h3 29. Ka2 Rg2 30. Rh1 h2 31. Ka3 f6 32. b4 Kf7 33. Ka4 Ke6 34. Kb5 Ra2 35. Kc6 Rc8+ 36. Kb7 Rc4 37. Bc5 Rb2 38. Kb6 Kd7 39. a6 Rbxb4+ 40. Bxb4 Rxb4+ 41. Ka5 Rb2 42. Rc1 Rc2 43. Rd1+ Kc6 44. a7 Ra2+ 45. Kb4 Rxa7 46. Rh1 Ra2 47. Kc3 Rf2 48. Kc4 Kd6 0-1

[Event "Julius Baer Play In"]
[Site "Chess.com INT"]
[Date "2023.07.24"]
[Round "1.11"]
[White "Iturrizaga Bonelli, Eduardo"]
[Black "Hammer, Jon Ludvig"]
[Result "1-0"]
[WhiteElo "2617"]
[BlackElo "2630"]
[PlyCount "91"]
[EventDate "2023.07.24"]
[EventType "swiss (rapid)"]
[EventRounds "9"]
[EventCountry "GER"]
[SourceTitle "CBM 215 Extra"]
[Source "ChessBase"]
[SourceDate "2023.09.30"]
[SourceVersion "1"]
[SourceVersionDate "2023.09.30"]
[SourceQuality "1"]

1. c4 e6 2. g3 d5 3. Bg2 Nf6 4. Nf3 d4 5. d3 Nc6 6. 0-0 Bc5 7. Na3 0-0 8. Nc2 a5 9. b3 e5 10. Bg5 h6 11. Bxf6 Qxf6 12. Nd2 Qe7 13. a3 f5 14. Qb1 e4 15. dxe4 f4 16. Ne1 Bxa3 17. Nd3 Bb4 18. Nf3 fxg3 19. hxg3 Bc3 20. Ra4 Qxe4 21. Nfe5 Qf5 22. Nxc6 bxc6 23. Bxc6 Rb8 24. Bd5+ Kh8 25. Qc2 Be6 26. e4 Qh3 27. Ne5 Kg8 28. c5 Rbe8 29. Bc6 Rb8 30. Nc4 h5 31. Bd5 h4 32. Qd3 Bxd5 33. exd5 Rf4 34. Ne5 hxg3 35. Qxg3 Qxg3+ 36. fxg3 Rxf1+ 37. Kxf1 Rxb3 38. d6 cxd6 39. cxd6 Rb1+ 40. Kg2 Rb6 41. d7 Rd6 42. Rc4 d3 43. Rxc3 d2 44. Rc8+ Kh7 45. d8Q d1Q 46. Qh8# 1-0

[Event "NOR-ch"]
[Site "Oslo"]
[Date "2023.07.03"]
[Round "4"]
[White "Hammer, Jon Ludvig"]
[Black "Ingebretsen, Jens E"]
[Result "1/2-1/2"]
[WhiteElo "2630"]
[BlackElo "2342"]
[PlyCount "81"]
[EventDate "2023.06.30"]
[EventType "swiss"]
[EventRounds "9"]
[EventCountry "NOR"]
[SourceTitle "CBM 215 Extra"]
[Source "ChessBase"]
[SourceDate "2023.09.30"]
[SourceVersion "1"]
[SourceVersionDate "2023.09.30"]
[SourceQuality "1"]

1. Nf3 c5 2. g3 Nc6 3. Bg2 e5 4. e4 Nf6 5. Nc3 d6 6. d3 Be7 7. h3 h6 8. Nd2 0-0 9. Nc4 Be6 10. Ne3 Nd4 11. a4 a6 12. g4 b5 13. Ncd5 b4 14. c3 Nc6 15. h4 Nh7 16. Nf5 bxc3 17. bxc3 Bxf5 18. exf5 Bxh4 19. f6 Bg5 20. Be4 Bxc1 21. Bxh7+ Kxh7 22. Qxc1 Rh8 23. Qg5 Rg8 24. Qe3 Rh8 25. g5 Rb8 26. Qe4+ Kg8 27. gxh6 g6 28. h7+ Kf8 29. Qh4 Ke8 30. Kf1 Qc8 31. Qh6 Kd7 32. Kg2 Qe8 33. Rhb1 Qe6 34. Rxb8 Qxd5+ 35. Kg1 Nxb8 36. Qg7 Qxd3 37. Qxh8 Qf3 38. Re1 Qg4+ 39. Kf1 Qh3+ 40. Ke2 Qg4+ 41. Kf1 1/2-1/2

[Event "Titled Tuesday intern op 20th Jun Early"]
[Site "Chess.com INT"]
[Date "2023.06.20"]
[Round "3"]
[White "Ginzburg, Yakov"]
[Black "Hammer, Jon Ludvig"]
[Result "0-1"]
[WhiteElo "2405"]
[BlackElo "2630"]
[PlyCount "52"]
[EventDate "2023.06.20"]
[EventType "swiss (blitz)"]
[EventRounds "11"]
[EventCountry "USA"]
[SourceTitle "EXT 2024"]
[Source "ChessBase"]
[SourceDate "2023.10.10"]
[SourceVersion "1"]
[SourceVersionDate "2023.10.10"]
[SourceQuality "1"]

1. d4 c5 2. c3 Nf6 3. Nf3 g6 4. g3 b6 5. Bg2 Bb7 6. 0-0 Bg7 7. a4 0-0 8. a5 Na6 9. axb6 axb6 10. Bg5 h6 11. Bf4 d6 12. Qc1 g5 13. Be3 Nc7 14. Rxa8 Qxa8 15. Nbd2 Ncd5 16. Bxg5 hxg5 17. Nxg5 Nxc3 18. bxc3 Bxg2 19. Re1 Bc6 20. e4 Bh6 21. h4 Bxg5 22. hxg5 Nxe4 23. g6 fxg6 24. Nxe4 Bxe4 25. Qg5 Rf7 26. g4 Qd5 0-1

[Event "Titled Tuesday intern op 20th Jun Early"]
[Site "Chess.com INT"]
[Date "2023.06.20"]
[Round "2"]
[White "Hammer, Jon Ludvig"]
[Black "Shevtchenko, Olesya"]
[Result "0-1"]
[WhiteElo "2630"]
[BlackElo "2054"]
[PlyCount "94"]
[EventDate "2023.06.20"]
[EventType "swiss (blitz)"]
[EventRounds "11"]
[EventCountry "USA"]
[SourceTitle "EXT 2024"]
[Source "ChessBase"]
[SourceDate "2023.10.10"]
[SourceVersion "1"]
[SourceVersionDate "2023.10.10"]
[SourceQuality "1"]

1. e4 c5 2. Nf3 d6 3. Bc4 Nc6 4. a4 Nf6 5. d3 e6 6. 0-0 d5 7. exd5 exd5 8. Bb5 Be7 9. Ne5 Bd7 10. Nxd7 Qxd7 11. a5 a6 12. Ba4 0-0 13. c3 Qc7 14. Bxc6 Qxc6 15. Nd2 Bd6 16. Nf3 h6 17. Bd2 Rfe8 18. Qc2 Qd7 19. d4 c4 20. Rfe1 Ne4 21. Ne5 Bxe5 22. dxe5 Nc5 23. Re3 Nd3 24. Rg3 Kh8 25. f4 Qf5 26. Be3 f6 27. exf6 gxf6 28. Bd4 Kh7 29. Rf1 Re6 30. Qa4 Re7 31. b3 Rc8 32. bxc4 dxc4 33. Qd1 Rce8 34. Qf3 Re4 35. h3 R8e7 36. Rg4 h5 37. Rh4 Kg6 38. g4 hxg4 39. Rxg4+ Kf7 40. Qg3 Ke6 41. Rg6 Rf7 42. Kh2 Re2+ 43. Kg1 Kd5 44. Qf3+ Qe4 45. f5 Qxf3 46. Rxf3 Ke4 47. Rgg3 Nf4 0-1

[Event "NOR-chT Club"]
[Site "Bergen"]
[Date "2023.05.21"]
[Round "6.5"]
[White "Hammer, Jon Ludvig"]
[Black "Eriksen, Olai Dyrhaug"]
[Result "1-0"]
[WhiteElo "2636"]
[BlackElo "1925"]
[PlyCount "51"]
[EventDate "2023.05.18"]
[EventType "team-swiss"]
[EventRounds "6"]
[EventCountry "NOR"]
[SourceTitle "CBM 214 Extra"]
[Source "ChessBase"]
[SourceDate "2023.07.31"]
[SourceVersion "1"]
[SourceVersionDate "2023.07.31"]
[SourceQuality "1"]
[WhiteTeam "Oslo Schakselskap"]
[BlackTeam "Bergens II"]
[WhiteTeamCountry "NOR"]
[BlackTeamCountry "NOR"]

1. e4 c6 2. d4 d5 3. exd5 cxd5 4. Bd3 Nf6 5. c3 Nc6 6. Bf4 Bg4 7. Qb3 Qd7 8. Nd2 e6 9. h3 Bh5 10. Ngf3 Bd6 11. Bxd6 Qxd6 12. 0-0 0-0 13. Rfe1 Nd7 14. a4 Rab8 15. Qc2 Bg6 16. Bxg6 hxg6 17. Rad1 a6 18. b4 b5 19. a5 Rfe8 20. Nb3 e5 21. dxe5 Ncxe5 22. Nxe5 Rxe5 23. Rxe5 Qxe5 24. Qd2 Rc8 25. Re1 Qxc3 26. Rc1 1-0

[Event "NOR-chT Club"]
[Site "Bergen"]
[Date "2023.05.20"]
[Round "3.1"]
[White "Al Tarbosh, Ward"]
[Black "Hammer, Jon Ludvig"]
[Result "1/2-1/2"]
[WhiteElo "2256"]
[BlackElo "2636"]
[PlyCount "204"]
[EventDate "2023.05.18"]
[EventType "team-swiss"]
[EventRounds "6"]
[EventCountry "NOR"]
[SourceTitle "CBM 214 Extra"]
[Source "ChessBase"]
[SourceDate "2023.07.31"]
[SourceVersion "1"]
[SourceVersionDate "2023.07.31"]
[SourceQuality "1"]
[WhiteTeam "Oslo Schakselskap II"]
[BlackTeam "Oslo Schakselskap"]
[WhiteTeamCountry "NOR"]
[BlackTeamCountry "NOR"]

1. e4 c6 2. Nf3 d5 3. Nc3 Bg4 4. h3 Bxf3 5. Qxf3 e6 6. Be2 g6 7. d4 Qb6 8. Bf4 Bg7 9. exd5 exd5 10. Qg3 Ne7 11. Bxb8 Nf5 12. Qc7 Qxb2 13. Nd1 Qb6 14. c3 Nxd4 15. Qd6 Nc2+ 16. Kd2 Nxa1 17. Bd3 Bh6+ 18. f4 Bxf4+ 19. Qxf4 0-0 20. Bc7 Qc5 21. Qb4 Qxb4 22. cxb4 Rfc8 23. Be5 b5 24. Ne3 a5 25. bxa5 Rxa5 26. Rxa1 Rca8 27. Nc2 Rxa2 28. Rxa2 Rxa2 29. Bd6 Ra8 30. g4 f6 31. Nd4 Ra1 32. Nxc6 Rh1 33. Bxb5 Rxh3 34. Ne7+ Kf7 35. Nxd5 h5 36. Bc4 Kg7 37. Nf4 Rh4 38. Ne6+ Kh7 39. Nf8+ Kh6 40. Be2 hxg4 41. Ke3 Rh3+ 42. Kf2 f5 43. Ne6 Rb3 44. Bf4+ Kh5 45. Bg3 Ra3 46. Nf4+ Kh6 47. Nd5 Kh5 48. Nf4+ Kh6 49. Nd5 Kh5 50. Ne3 Ra2 51. Bd6 Rb2 52. Kf1 Rb1+ 53. Kg2 Rb2 54. Kf2 Rd2 55. Bc7 Ra2 56. Be5 Ra5 57. Nc4 Ra2 58. Kf1 Kh4 59. Ne3 Kh3 60. Bc4 Ra5 61. Nd5 g5 62. Kf2 f4 63. Bf1+ Kh2 64. Bxf4+ gxf4 65. Nxf4 Ra3 66. Ne2 Rf3+ 67. Ke1 Rf6 68. Nd4 g3 69. Ne2 g2 70. Bxg2 Kxg2 71. Kd2 Kf3 72. Kd3 Rd6+ 73. Nd4+ Kf4 74. Kc3 Ke4 75. Nc2 Rd8 76. Kb3 Rc8 77. Ne1 Rc1 78. Nc2 Kd3 79. Nb4+ Kd2 80. Nd5 Rc8 81. Kb4 Kd3 82. Nf4+ Ke3 83. Ne6 Rc6 84. Nc5 Kd4 85. Na4 Rc8 86. Kb5 Rc1 87. Nb6 Rc5+ 88. Kb4 Rg5 89. Na4 Rg7 90. Kb5 Ra7 91. Nb6 Rc7 92. Na4 Rc1 93. Nb6 Ra1 94. Kc6 Ra5 95. Nd7 Rh5 96. Nb6 Rc5+ 97. Kd6 Rc1 98. Nd7 Rh1 99. Kc6 Rh6+ 100. Kb5 Rd6 101. Nb6 Rxb6+ 102. Kxb6 Ke4 1/2-1/2

[Event "Chessable Masters Play In"]
[Site "Chess.com INT"]
[Date "2023.03.13"]
[Round "2"]
[White "Andreikin, Dmitry"]
[Black "Hammer, Jon Ludvig"]
[Result "1-0"]
[WhiteElo "2729"]
[BlackElo "2631"]
[PlyCount "119"]
[EventDate "2023.03.13"]
[EventType "swiss (rapid)"]
[EventRounds "9"]
[EventCountry "USA"]
[SourceTitle "CBM 213 Extra"]
[Source "ChessBase"]
[SourceDate "2023.05.31"]
[SourceVersion "1"]
[SourceVersionDate "2023.05.31"]
[SourceQuality "1"]

1. c4 e6 2. Nc3 d5 3. d4 Nf6 4. cxd5 exd5 5. Bg5 c6 6. e3 Bf5 7. Qf3 Bg6 8. Bxf6 Qxf6 9. Qxf6 gxf6 10. Nf3 Nd7 11. Nh4 Be7 12. g3 Nb6 13. 0-0-0 Nc8 14. Bd3 Bxd3 15. Rxd3 Nd6 16. Kc2 f5 17. Ng2 h5 18. h4 Ne4 19. Rf1 Bd6 20. Ne2 Kd7 21. Nef4 a5 22. a4 Ra6 23. Rb3 Kc7 24. Kd3 Rb6 25. Rxb6 Kxb6 26. Ke2 Kc7 27. Rc1 Kd7 28. Nd3 Ke7 29. Ngf4 Nf6 30. Rc3 Rb8 31. Rb3 Bxf4 32. Nxf4 b5 33. Kf3 Ne4 34. Ke2 Nf6 35. Nd3 Nd7 36. Ra3 bxa4 37. Rxa4 Rb5 38. b4 axb4 39. Nxb4 Kd6 40. Nd3 Rb7 41. Ra8 Nf6 42. Kf3 Ne4 43. Ra2 Rb3 44. Nf4 Nf6 45. Ra7 Rb2 46. Rxf7 Ne4 47. Nh3 Ke6 48. Rh7 Nf6 49. Rc7 Rc2 50. Kf4 Ne4 51. f3 Nd6 52. Ng5+ Kf6 53. Nh7+ Ke6 54. Nf8+ Kf6 55. Nd7+ Ke6 56. Nc5+ Kf6 57. Rxc6 Ke7 58. Rc7+ Ke8 59. Rh7 Re2 60. Rxh5 1-0

[Event "Chessable Masters Play In"]
[Site "Chess.com INT"]
[Date "2023.03.13"]
[Round "8"]
[White "Hammer, Jon Ludvig"]
[Black "Xu, Yinglun"]
[Result "1/2-1/2"]
[WhiteElo "2631"]
[BlackElo "2558"]
[PlyCount "112"]
[EventDate "2023.03.13"]
[EventType "swiss (rapid)"]
[EventRounds "9"]
[EventCountry "USA"]
[SourceTitle "CBM 213 Extra"]
[Source "ChessBase"]
[SourceDate "2023.05.31"]
[SourceVersion "1"]
[SourceVersionDate "2023.05.31"]
[SourceQuality "1"]

1. e4 c5 2. Nf3 d6 3. d4 cxd4 4. Nxd4 Nf6 5. Nc3 a6 6. Be2 e5 7. Nb3 Be7 8. 0-0 0-0 9. Qd3 Be6 10. Bd2 Nbd7 11. Nd5 Bxd5 12. exd5 b5 13. a4 Qc7 14. Ba5 Qc8 15. axb5 axb5 16. c3 Rb8 17. Rfd1 Re8 18. Qh3 Nc5 19. Nxc5 Qxc5 20. Bb4 Qc7 21. Ra5 Rf8 22. Bxb5 g6 23. Bc6 Ne4 24. Qe3 Nc5 25. Rda1 Qd8 26. Ra8 Rxa8 27. Rxa8 Qc7 28. Rxf8+ Bxf8 29. h4 f5 30. Bxc5 dxc5 31. h5 Kg7 32. h6+ Kf7 33. Bb5 Bd6 34. g4 Qe7 35. gxf5 gxf5 36. Kf1 e4 37. b4 cxb4 38. cxb4 Qe5 39. Qg5 f4 40. Qxe5 Bxe5 41. Bd7 Kg6 42. b5 Bc7 43. Ke2 Bb6 44. Bh3 f3+ 45. Kf1 Kg5 46. Be6 Kxh6 47. Bf5 e3 48. fxe3 Bxe3 49. Be4 f2 50. d6 Bb6 51. d7 Kg7 52. d8Q Bxd8 53. Bxh7 Kxh7 54. Kxf2 Kg7 55. Ke2 Kf7 56. b6 Bxb6 1/2-1/2

[Event "Titled Tuesday intern op 14th Feb Early"]
[Site "Chess.com INT"]
[Date "2023.02.14"]
[Round "5"]
[White "Fedoseev, Vladimir1111"]
[Black "Hammer, Jon Ludvig"]
[Result "0-1"]
[WhiteElo "2674"]
[BlackElo "2631"]
[PlyCount "110"]
[EventDate "2023.02.14"]
[EventType "swiss (blitz)"]
[EventRounds "11"]
[EventCountry "USA"]
[SourceTitle "CBM 212 Extra"]
[Source "ChessBase"]
[SourceDate "2023.03.31"]
[SourceVersion "1"]
[SourceVersionDate "2023.03.31"]
[SourceQuality "1"]

1. e4 e5 2. Nf3 Nc6 3. Bb5 Nf6 4. d3 Bc5 5. Bxc6 dxc6 6. Nbd2 Nd7 7. Nc4 Qe7 8. 0-0 0-0 9. Kh1 Re8 10. Be3 Bxe3 11. Nxe3 Nf8 12. Ng1 Ng6 13. g3 Bd7 14. Qh5 Rad8 15. Ne2 Rf8 16. f4 exf4 17. gxf4 f5 18. Nxf5 Bxf5 19. exf5 Nh4 20. Ng3 Rd5 21. Rae1 Qd8 22. Re5 Rxe5 23. fxe5 g6 24. Qg4 Qd5+ 25. Ne4 Nxf5 26. Qf4 Ng3+ 27. hxg3 Rxf4 28. gxf4 Qxa2 29. f5 Qd5 30. f6 Qxe5 31. Kg2 Kf7 32. b4 b6 33. Rh1 h5 34. Rf1 a5 35. bxa5 bxa5 36. Kh3 g5 37. Kg2 a4 38. c3 a3 39. Rf2 Qd5 40. c4 Qe5 41. Kf1 h4 42. Ra2 Qb2 43. Rxb2 axb2 44. Nc3 Kxf6 45. Ke2 h3 46. Kf3 g4+ 47. Kg3 Ke5 48. Nb1 Kd4 49. Na3 Kxd3 50. Kxg4 h2 51. Kh3 h1Q+ 52. Kg3 Qe4 53. Nb1 Kc2 54. Na3+ Kb3 55. Nb1 Qxb1 0-1

[Event "Titled Tuesday intern op 14th Feb Early"]
[Site "Chess.com INT"]
[Date "2023.02.14"]
[Round "2"]
[White "Hammer, Jon Ludvig"]
[Black "Pajeken, Jakob Leon"]
[Result "1-0"]
[WhiteElo "2631"]
[BlackElo "2460"]
[PlyCount "73"]
[EventDate "2023.02.14"]
[EventType "swiss (blitz)"]
[EventRounds "11"]
[EventCountry "USA"]
[SourceTitle "CBM 212 Extra"]
[Source "ChessBase"]
[SourceDate "2023.03.31"]
[SourceVersion "1"]
[SourceVersionDate "2023.03.31"]
[SourceQuality "1"]

1. e4 e5 2. Nf3 Nc6 3. Bb5 a6 4. Ba4 Be7 5. 0-0 Nf6 6. Re1 b5 7. Bb3 d6 8. c3 0-0 9. h3 Na5 10. Bc2 c5 11. d4 Qc7 12. d5 Nd7 13. b3 Nb6 14. Nfd2 Bg5 15. c4 bxc4 16. Nxc4 Bxc1 17. Nxb6 Qxb6 18. Qxc1 f5 19. exf5 Bxf5 20. Nd2 c4 21. Bxf5 Rxf5 22. Ne4 cxb3 23. Rb1 Rb8 24. axb3 Nxb3 25. Qc6 a5 26. Re3 Qxc6 27. dxc6 a4 28. c7 Ra8 29. Nxd6 Rff8 30. Rc3 Rfc8 31. Nxc8 Rxc8 32. Rd1 Nd4 33. Kf1 Nb5 34. Rc5 Nd4 35. Rxe5 Nb3 36. Rd8+ Kf7 37. Rxc8 1-0

[Event "Titled Tuesday intern op 14th Feb Early"]
[Site "Chess.com INT"]
[Date "2023.02.14"]
[Round "7"]
[White "Samunenkov, Igor"]
[Black "Hammer, Jon Ludvig"]
[Result "1-0"]
[WhiteElo "2485"]
[BlackElo "2631"]
[PlyCount "55"]
[EventDate "2023.02.14"]
[EventType "swiss (blitz)"]
[EventRounds "11"]
[EventCountry "USA"]
[SourceTitle "CBM 212 Extra"]
[Source "ChessBase"]
[SourceDate "2023.03.31"]
[SourceVersion "1"]
[SourceVersionDate "2023.03.31"]
[SourceQuality "1"]

1. e4 e5 2. Nf3 Nc6 3. Bb5 Nf6 4. 0-0 Nxe4 5. Re1 Nd6 6. Nxe5 Be7 7. Bf1 Nxe5 8. Rxe5 0-0 9. Nc3 Ne8 10. Nd5 Bd6 11. Re1 c6 12. Ne3 Bc7 13. c4 f5 14. c5 d5 15. cxd6 Nxd6 16. d4 Ne4 17. g3 f4 18. Ng4 Bxg4 19. Qxg4 Nxf2 20. Kxf2 Qxd4+ 21. Kg2 Qd5+ 22. Kh3 Rf6 23. Bxf4 Bxf4 24. gxf4 Rh6+ 25. Kg3 Rg6 26. Qxg6 hxg6 27. b3 Rf8 28. Bc4 1-0

[Event "Airthings Masters Play In"]
[Site "Chess.com INT"]
[Date "2023.02.03"]
[Round "3"]
[White "Hammer, Jon Ludvig"]
[Black "Maghsoodloo, Parham"]
[Result "0-1"]
[WhiteElo "2631"]
[BlackElo "2728"]
[PlyCount "88"]
[EventDate "2023.02.03"]
[EventType "swiss (rapid)"]
[EventRounds "9"]
[EventCountry "USA"]
[SourceTitle "CBM 212 Extra"]
[Source "ChessBase"]
[SourceDate "2023.03.31"]
[SourceVersion "1"]
[SourceVersionDate "2023.03.31"]
[SourceQuality "1"]

1. d4 Nf6 2. c4 e6 3. Nf3 Bb4+ 4. Bd2 a5 5. g3 0-0 6. Bg2 d5 7. a3 Be7 8. Qc2 c6 9. 0-0 Nbd7 10. b3 b6 11. Bg5 Ba6 12. Nbd2 Rc8 13. Rfd1 c5 14. dxc5 Bxc5 15. Qb2 h6 16. Bxf6 Qxf6 17. Qxf6 Nxf6 18. b4 Be7 19. b5 Bb7 20. Ne5 Bd6 21. Nd3 Rc7 22. cxd5 Nxd5 23. a4 Nc3 24. Re1 Bxg2 25. Kxg2 e5 26. Nb2 Rfc8 27. e3 e4 28. Rac1 Ba3 29. Rc2 Bxb2 30. Rxb2 Nxa4 31. Rb3 f5 32. g4 Nc5 33. Ra3 fxg4 34. Rb1 Rd8 35. Nc4 Nd7 36. Ra4 Nc5 37. Ra2 Rb7 38. Rc2 Rd5 39. Kg3 h5 40. Kh4 Kh7 41. Na3 Rf7 42. Kg3 Nd3 43. Nc4 Rc5 44. Nd6 Rf3+ 0-1

[Event "Airthings Masters Play In"]
[Site "Chess.com INT"]
[Date "2023.02.03"]
[Round "1"]
[White "Tabatabaei, Mohammad Amin"]
[Black "Hammer, Jon Ludvig"]
[Result "1/2-1/2"]
[WhiteElo "2677"]
[BlackElo "2631"]
[PlyCount "321"]
[EventDate "2023.02.03"]
[EventType "swiss (rapid)"]
[EventRounds "9"]
[EventCountry "USA"]
[SourceTitle "CBM 212 Extra"]
[Source "ChessBase"]
[SourceDate "2023.03.31"]
[SourceVersion "1"]
[SourceVersionDate "2023.03.31"]
[SourceQuality "1"]

1. d4 Nf6 2. Nf3 d5 3. c3 e6 4. Bf4 Bd6 5. e3 Bxf4 6. exf4 0-0 7. Nbd2 b6 8. h4 c5 9. h5 Ba6 10. Bxa6 Nxa6 11. h6 g6 12. Qe2 c4 13. Ne5 Nc7 14. g4 Nce8 15. g5 Nd7 16. Ndf3 Nxe5 17. fxe5 b5 18. Qd2 a5 19. Ke2 Rb8 20. a3 Qe7 21. Nh2 Nc7 22. Ng4 Rb7 23. Kf3 Rfb8 24. Kg3 Ne8 25. Kh4 a4 26. Rh3 Qd8 27. Rf3 Rc7 28. Re1 Rbb7 29. Rf4 Ra7 30. Re3 Rab7 31. Ref3 Ra7 32. Rg3 Rcb7 33. Ne3 Rd7 34. Rgf3 Rdb7 35. Nc2 Rd7 36. Nb4 Rdc7 37. Qe1 Rab7 38. Na6 Rc6 39. Nb4 Rcb6 40. Qg1 Re7 41. Qg4 Ra7 42. Nc2 Rd7 43. Ne3 Ra7 44. Qh3 Rab7 45. Ng4 Ra7 46. Nh2 Rab7 47. Qg4 Ra7 48. Nf1 Rab7 49. Kh3 Ra7 50. Ne3 Rab7 51. Nc2 Ra7 52. Rg3 Rab7 53. Ne1 Ra7 54. Rgf3 Rab7 55. Qg3 Ra7 56. Ng2 Rc7 57. Ne3 Ra7 58. Qh4 Rbb7 59. Qg4 Rb6 60. Rg3 Rd7 61. Rg1 Ra7 62. Rf3 Rab7 63. Rfg3 Ra7 64. f4 Rd7 65. Qf3 Nc7 66. Ng4 Ne8 67. Kh2 Kh8 68. R1g2 Ra6 69. Qe3 Rb6 70. Qd2 Ra6 71. Ne3 Nc7 72. Rf2 Rb6 73. Qc2 Ra6 74. Kh3 Rb6 75. Kh4 Ra6 76. Ng4 Ne8 77. Nf6 Nxf6 78. exf6 Qc7 79. Re3 Ra8 80. Re5 Rg8 81. Rfe2 Rdd8 82. R2e3 Rgf8 83. Qe2 Qd7 84. Kg3 Kg8 85. Qe1 Rc8 86. Kf3 Rc6 87. Qh4 Kh8 88. Qh3 Rg8 89. Kf2 Rb6 90. Qf3 Rc6 91. Kg3 Rb6 92. Kh4 Ra6 93. Re1 Rb6 94. R5e2 Ra6 95. Qe3 Rb6 96. Qg3 Ra6 97. Rf2 Rb6 98. Re5 Ra6 99. Ree2 Rb6 100. Qe3 Ra6 101. Qe5 Qd6 102. Qe3 Qd7 103. Kg3 Rc6 104. Qe5 Qd6 105. Qe3 Qd7 106. Qd2 Rb6 107. Re5 Ra6 108. Kf3 Rb6 109. Ke2 Ra6 110. Qc2 Rb6 111. Ke1 Ra6 112. Rfe2 Rb6 113. Qd2 Ra6 114. Rg2 Rb6 115. Qf2 Ra6 116. Qh4 Rb6 117. Kf1 Ra6 118. Rge2 Rb6 119. Qg4 Ra6 120. R5e3 Rb6 121. Rg3 Rc6 122. Qf3 Rb6 123. Qe3 Ra6 124. Qe5 Qd6 125. Qxd6 Rxd6 126. Re5 Rgd8 127. Kf2 Kg8 128. Rge3 Kf8 129. Kf3 Rc8 130. Re1 Ra8 131. R5e2 Rc8 132. Kg4 Rcd8 133. Kh4 Rc8 134. f5 gxf5 135. g6 fxg6 136. Rxe6 Rxe6 137. Rxe6 Re8 138. Rb6 Re4+ 139. Kg3 Kf7 140. Rxb5 Kxf6 141. Rxd5 Re2 142. Rd7 Rxb2 143. Rxh7 Rb3 144. Ra7 Rxc3+ 145. Kg2 Rb3 146. h7 Rb8 147. Rxa4 Rh8 148. Rxc4 Rxh7 149. a4 Ra7 150. Kf3 Ra5 151. Rb4 g5 152. Rb6+ Ke7 153. Rb5 Rxb5 154. axb5 Kd6 155. Kg3 Kd5 156. Kf3 g4+ 157. Kf4 Kd6 158. Kg3 Kd5 159. Kf4 Kd6 160. Kg3 Kd5 161. Kf4 1/2-1/2

[Event "NOR-ch Blitz"]
[Site "Drammen"]
[Date "2023.01.06"]
[Round "7"]
[White "Fossan, Erik"]
[Black "Hammer, Jon Ludvig"]
[Result "0-1"]
[WhiteElo "2334"]
[BlackElo "2630"]
[PlyCount "76"]
[EventDate "2023.01.06"]
[EventType "swiss (blitz)"]
[EventRounds "9"]
[EventCountry "NOR"]
[SourceTitle "CBM 212 Extra"]
[Source "ChessBase"]
[SourceDate "2023.03.31"]
[SourceVersion "1"]
[SourceVersionDate "2023.03.31"]
[SourceQuality "1"]

1. e4 c5 2. c3 d5 3. exd5 Nf6 4. Bb5+ Nbd7 5. d4 a6 6. Be2 Nxd5 7. Nf3 e6 8. 0-0 Be7 9. c4 N5f6 10. Nc3 0-0 11. Be3 Ng4 12. Bf4 cxd4 13. Qxd4 e5 14. Nxe5 Bc5 15. Qd5 Ngxe5 16. Bxe5 Nxe5 17. Qxc5 Qg5 18. Qe3 Qxe3 19. fxe3 Be6 20. Nd5 Bxd5 21. cxd5 Rac8 22. Rac1 Rfd8 23. e4 Kf8 24. Kf2 Ke7 25. Ke3 Kd6 26. Kd2 Rc7 27. Rxc7 Kxc7 28. Rc1+ Kd6 29. Ke3 Re8 30. Kd4 Rh8 31. b4 h5 32. Rc5 h4 33. b5 h3 34. g3 axb5 35. Rxb5 Ra8 36. Rb2 Ra3 37. Bf1 g5 38. Bxh3 Rd3# 0-1